000 00622nam a2200241Ia 4500
003 OSt
005 20221005132932.0
006 a|||||r|||| 00| 0
007 ta
008 221004b |||||||| |||| 00| 0 mal d
024 _a54597
037 _cTextual
040 _aCRL
_cCRL
_bmal
041 _2mal
_amal
082 _aO32,1N24,2, H6
100 _aP. Bhaskaran Au.
245 0 _aVayalar garjikkunnu
260 _c1946
650 _a MALAYALAM POETRY
_9185636
650 _aMALAYALAM LITERATURE
_938866
942 _hO32,1N24,2, H6
_cTEXL
_2cc
999 _c1065219
_d1065219